| 000 | 01134nam0a22002651 4500 | ||
|---|---|---|---|
| 001 | rc\4773589 | ||
| 005 | 20260406140056.0 | ||
| 021 |
_aRU _b[58-38700] |
||
| 035 | _a(NLR Aleph) 009024448 | ||
| 090 |
_a9449126 _c9449126 |
||
| 100 | _a20130417d1958 |||y0rusy50 ca | ||
| 101 | 0 | _arus | |
| 102 | _aRU | ||
| 105 | _ay z ||||| | ||
| 200 | 1 |
_aОрганизация технической пропаганды в лесной промышленности _fНауч.-техн. о-во лесной пром-сти. Обществ. заоч. ин-т |
|
| 210 |
_aМосква _aЛенинград _cГослесбумиздат _d1958 |
||
| 215 |
_a23 с. _d22 |
||
| 606 |
_aЛесная промышленность _xТехническая информация _2psbo |
||
| 606 |
_aПроизводственно-техническая пропаганда в лесной промышленности _2psbo |
||
| 712 | 0 | 2 |
_aНТО лесной промышленности _cМосква _9334201 _3RU\NLR\AUTH\889919052 |
| 801 | 0 |
_aRU _bNLR _gpsbo |
|
| 801 | 1 |
_aRU _bELAR _2rusmarc |
|
| 852 |
_aNLR _j58-6/5791 |
||
| 942 | _cBOOK | ||
| 980 | _aNB | ||